[Event "Russian Championship (Rapid, Men)"]
[Site "Sochi"]
[Date "2018.10.05"]
[Round "5.13"]
[White "Oganian, Miran"]
[Black "Alekseev, Evgeny"]
[Result "0-1"]
[BlackElo "2655"]
[WhiteElo "2450"]
[LiveChessVersion "1.4.8"]

1. d4 {[%clk 0:15:18]} e6 {[%clk 0:15:10]} 2. c4 {[%clk 0:15:25]} b6
{[%clk 0:15:06]} 3. a3 {[%clk 0:15:27]} Bb7 {[%clk 0:13:51]} 4. Nc3
{[%clk 0:15:34]} f5 {[%clk 0:13:30]} 5. Nf3 {[%clk 0:15:41]} Nf6 {[%clk 0:13:33]}
6. g3 {[%clk 0:15:39]} g6 {[%clk 0:12:57]} 7. Bg2 {[%clk 0:15:44]} Bg7
{[%clk 0:13:06]} 8. O-O {[%clk 0:15:42]} O-O {[%clk 0:13:12]} 9. d5
{[%clk 0:14:13]} Na6 {[%clk 0:13:12]} 10. Nd4 {[%clk 0:13:24]} Nc5
{[%clk 0:11:20]} 11. b4 {[%clk 0:06:10]} Nce4 {[%clk 0:11:13]} 12. Bb2
{[%clk 0:06:08]} exd5 {[%clk 0:07:37]} 13. cxd5 {[%clk 0:06:16]} Nxc3
{[%clk 0:06:12]} 14. Bxc3 {[%clk 0:06:24]} Bxd5 {[%clk 0:04:32]} 15. Bxd5+
{[%clk 0:05:28]} Nxd5 {[%clk 0:04:41]} 16. Qb3 {[%clk 0:04:05]} c6
{[%clk 0:04:50]} 17. Rad1 {[%clk 0:03:08]} Qe8 {[%clk 0:03:05]} 18. Nb5
{[%clk 0:01:55]} Qf7 {[%clk 0:02:54]} 19. Bxg7 {[%clk 0:01:55]} Kxg7
{[%clk 0:03:02]} 20. Rd2 {[%clk 0:00:57]} Nf6 {[%clk 0:02:52]} 21. Qxf7+
{[%clk 0:01:02]} Rxf7 {[%clk 0:02:46]} 22. Nd6 {[%clk 0:01:06]} Re7
{[%clk 0:02:50]} 23. Rfd1 {[%clk 0:01:08]} Re5 {[%clk 0:02:39]} 24. f3
{[%clk 0:01:10]} a5 {[%clk 0:00:44]} 25. Nc4 {[%clk 0:00:46]} Rb5
{[%clk 0:00:45]} 26. bxa5 {[%clk 0:00:34]} bxa5 {[%clk 0:00:53]} 27. Rd6
{[%clk 0:00:42]} Re8 {[%clk 0:00:40]} 28. Kf2 {[%clk 0:00:40]} Re7
{[%clk 0:00:43]} 29. R1d2 {[%clk 0:00:15]} a4 {[%clk 0:00:47]} 30. Nb2
{[%clk 0:00:12]} Ra5 {[%clk 0:00:42]} 31. Nc4 {[%clk 0:00:20]} Rb5
{[%clk 0:00:28]} 32. Nb2 {[%clk 0:00:28]} Ra5 {[%clk 0:00:32]} 33. R6d4
{[%clk 0:00:23]} d5 {[%clk 0:00:21]} 34. Rc2 {[%clk 0:00:18]} c5 {[%clk 0:00:17]}
35. Rxa4 Rb5 {[%clk 0:00:26]} 36. Nd3 {[%clk 0:00:20]} c4 {[%clk 0:00:31]} 37.
Nb4 {[%clk 0:00:27]} Rc5 {[%clk 0:00:18]} 38. Ra6 {[%clk 0:00:27]} Rd7
{[%clk 0:00:19]} 39. Nc6 {[%clk 0:00:18]} d4 {[%clk 0:00:16]} 40. Na5
{[%clk 0:00:13]} c3 {[%clk 0:00:22]} 41. Nb3 {[%clk 0:00:11]} Rb5
{[%clk 0:00:24]} 42. Nxd4 {[%clk 0:00:12]} Rxd4 {[%clk 0:00:32]} 43. Rxc3
{[%clk 0:00:21]} Rd7 {[%clk 0:00:36]} 44. Rc2 {[%clk 0:00:18]} Rb3
{[%clk 0:00:40]} 45. Ra2 {[%clk 0:00:18]} Re7 {[%clk 0:00:41]} 46. a4
{[%clk 0:00:25]} Nd5 {[%clk 0:00:50]} 47. Rd6 {[%clk 0:00:27]} Nc3
{[%clk 0:00:40]} 48. Rd3 {[%clk 0:00:12]} Nxa2 {[%clk 0:00:20]} 49. Rxb3
{[%clk 0:00:21]} Ra7 {[%clk 0:00:29]} 50. Ra3 {[%clk 0:00:28]} Nb4
{[%clk 0:00:38]} 51. h4 {[%clk 0:00:30]} Ra5 {[%clk 0:00:38]} 52. Rc3
{[%clk 0:00:29]} Nd5 {[%clk 0:00:32]} 53. Rd3 {[%clk 0:00:18]} Kf6
{[%clk 0:00:33]} 54. Rd4 {[%clk 0:00:18]} Ke5 {[%clk 0:00:36]} 55. Rc4
{[%clk 0:00:24]} Nf6 {[%clk 0:00:26]} 56. Rb4 {[%clk 0:00:23]} Nd5
{[%clk 0:00:26]} 57. Rb7 {[%clk 0:00:26]} h5 {[%clk 0:00:29]} 58. f4+
{[%clk 0:00:18]} Ke6 {[%clk 0:00:31]} 59. Rg7 {[%clk 0:00:14]} Ne7
{[%clk 0:00:40]} 60. Rh7 {[%clk 0:00:15]} Rxa4 {[%clk 0:00:47]} 61. Rh8
{[%clk 0:00:18]} Nd5 {[%clk 0:00:46]} 62. Re8+ {[%clk 0:00:21]} Kf7
{[%clk 0:00:48]} 63. Re5 {[%clk 0:00:29]} Nf6 {[%clk 0:00:53]} 64. Rb5
{[%clk 0:00:12]} Ra3 {[%clk 0:00:58]} 65. Rb7+ {[%clk 0:00:20]} Kf8
{[%clk 0:01:04]} 66. Rb8+ {[%clk 0:00:15]} Kg7 {[%clk 0:01:12]} 67. Rb7+
{[%clk 0:00:21]} Kh6 {[%clk 0:01:21]} 0-1

[Event "Russian Championship (Rapid, Men)"]
[Site "Sochi"]
[Date "2018.10.05"]
[Round "5.14"]
[White "Sakaev, Konstantin"]
[Black "Krylov, Mikhail"]
[Result "1-0"]
[BlackElo "2481"]
[WhiteElo "2654"]
[LiveChessVersion "1.4.8"]

1. d4 {[%clk 0:15:19]} Nf6 {[%clk 0:15:18]} 2. c4 {[%clk 0:15:27]} g6
{[%clk 0:15:10]} 3. Nc3 {[%clk 0:15:36]} Bg7 {[%clk 0:15:19]} 4. e4
{[%clk 0:15:44]} d6 {[%clk 0:15:27]} 5. Be2 {[%clk 0:15:52]} O-O {[%clk 0:15:24]}
6. Be3 {[%clk 0:16:01]} e5 {[%clk 0:14:12]} 7. d5 {[%clk 0:16:09]} a5
{[%clk 0:13:39]} 8. g4 {[%clk 0:16:16]} Na6 {[%clk 0:13:37]} 9. h4
{[%clk 0:16:21]} Nc5 {[%clk 0:13:23]} 10. f3 {[%clk 0:16:29]} h5 {[%clk 0:13:16]}
11. g5 {[%clk 0:16:35]} Nfd7 {[%clk 0:13:03]} 12. Qd2 {[%clk 0:15:47]} Nb6
{[%clk 0:12:59]} 13. Nh3 {[%clk 0:14:35]} Bd7 {[%clk 0:12:11]} 14. O-O-O
{[%clk 0:13:47]} Qe8 {[%clk 0:11:38]} 15. Kb1 {[%clk 0:13:42]} Nba4
{[%clk 0:11:18]} 16. Nb5 {[%clk 0:11:40]} Qc8 {[%clk 0:04:47]} 17. Nf2
{[%clk 0:11:46]} Nb6 {[%clk 0:04:33]} 18. Rc1 {[%clk 0:10:29]} Rd8
{[%clk 0:04:12]} 19. Bf1 {[%clk 0:09:31]} Bf8 {[%clk 0:04:04]} 20. Na3
{[%clk 0:08:38]} c6 {[%clk 0:03:49]} 21. Bh3 {[%clk 0:07:44]} Bxh3
{[%clk 0:03:46]} 22. Nxh3 {[%clk 0:07:50]} Nbd7 {[%clk 0:03:22]} 23. Nf2
{[%clk 0:07:49]} Qb8 {[%clk 0:03:04]} 24. Qe2 {[%clk 0:07:34]} Qa7
{[%clk 0:03:01]} 25. Nd1 {[%clk 0:07:20]} Qa6 {[%clk 0:02:56]} 26. Nc3
{[%clk 0:07:25]} a4 {[%clk 0:02:35]} 27. Rhd1 {[%clk 0:07:26]} Qa5
{[%clk 0:02:33]} 28. Rd2 {[%clk 0:07:07]} Na6 {[%clk 0:02:17]} 29. Kc2
{[%clk 0:06:55]} Ndc5 {[%clk 0:02:12]} 30. Kd1 {[%clk 0:06:51]} Nb4
{[%clk 0:02:05]} 31. Ke1 {[%clk 0:06:49]} Rab8 {[%clk 0:01:37]} 32. Kf1
{[%clk 0:06:53]} Rd7 {[%clk 0:01:05]} 33. Rcd1 {[%clk 0:06:45]} Ra8
{[%clk 0:00:40]} 34. Qf2 {[%clk 0:06:40]} Rc7 {[%clk 0:00:49]} 35. Kg2
{[%clk 0:06:16]} Kh7 {[%clk 0:00:58]} 36. Qe2 {[%clk 0:05:27]} Rcc8
{[%clk 0:00:59]} 37. Rf1 {[%clk 0:04:27]} Re8 {[%clk 0:01:04]} 38. Rc1
{[%clk 0:03:39]} Kg8 {[%clk 0:01:08]} 39. Nc2 {[%clk 0:03:00]} Nxc2
{[%clk 0:01:11]} 40. Rdxc2 {[%clk 0:03:08]} Qb4 {[%clk 0:01:13]} 41. Nd1
{[%clk 0:03:07]} cxd5 {[%clk 0:01:02]} 42. cxd5 {[%clk 0:03:12]} Qa5
{[%clk 0:01:00]} 43. Nf2 {[%clk 0:03:13]} Qa6 {[%clk 0:01:04]} 44. Qxa6
{[%clk 0:02:58]} Rxa6 {[%clk 0:01:12]} 45. Rc3 {[%clk 0:02:37]} b5
{[%clk 0:00:42]} 46. Nd3 {[%clk 0:02:36]} Nxd3 {[%clk 0:00:45]} 47. Rxd3
{[%clk 0:02:45]} b4 {[%clk 0:00:53]} 48. Rc4 {[%clk 0:02:26]} Rb8
{[%clk 0:01:02]} 49. Rd1 {[%clk 0:02:26]} Be7 {[%clk 0:01:00]} 50. Rdc1
{[%clk 0:02:35]} Kf8 {[%clk 0:01:07]} 51. Rc8+ {[%clk 0:02:18]} Rxc8
{[%clk 0:01:16]} 52. Rxc8+ {[%clk 0:02:26]} Kg7 {[%clk 0:01:26]} 53. Re8
{[%clk 0:02:06]} Bf8 {[%clk 0:01:33]} 54. Kf2 {[%clk 0:01:28]} b3
{[%clk 0:01:28]} 55. a3 {[%clk 0:00:28]} Ra5 {[%clk 0:00:38]} 56. Rb8
{[%clk 0:00:35]} Be7 {[%clk 0:00:43]} 57. Re8 {[%clk 0:00:33]} Bf8
{[%clk 0:00:48]} 58. Ke2 {[%clk 0:00:26]} Rb5 {[%clk 0:00:53]} 59. Kd3
{[%clk 0:00:20]} Rb7 {[%clk 0:01:02]} 60. Bd2 {[%clk 0:00:22]} Ra7
{[%clk 0:01:03]} 61. Bc3 {[%clk 0:00:19]} Be7 {[%clk 0:01:12]} 62. f4
{[%clk 0:00:25]} f6 {[%clk 0:01:20]} 63. fxe5 {[%clk 0:00:32]} dxe5
{[%clk 0:01:13]} 64. Bd2 {[%clk 0:00:29]} Rc7 {[%clk 0:01:13]} 65. Ra8
{[%clk 0:00:28]} Rc2 {[%clk 0:01:15]} 66. Ra7 {[%clk 0:00:33]} Kf8
{[%clk 0:01:24]} 67. gxf6 {[%clk 0:00:31]} Bxf6 {[%clk 0:01:32]} 68. Bb4+
{[%clk 0:00:30]} Ke8 {[%clk 0:01:37]} 69. d6 {[%clk 0:00:27]} Bd8
{[%clk 0:01:30]} 70. d7+ {[%clk 0:00:36]} Kf7 {[%clk 0:01:38]} 71. Ra8
{[%clk 0:00:45]} Bxh4 {[%clk 0:01:47]} 72. Bc3 {[%clk 0:00:42]} Rc1
{[%clk 0:01:36]} 73. d8=Q {[%clk 0:00:26]} Rd1+ {[%clk 0:01:43]} 74. Bd2
{[%clk 0:00:34]} Bxd8 {[%clk 0:01:51]} 75. Rxd8 {[%clk 0:00:43]} Rb1
{[%clk 0:01:59]} 76. Kc3 {[%clk 0:00:49]} Rg1 {[%clk 0:02:01]} 77. Rd7+
{[%clk 0:00:28]} Kf6 {[%clk 0:01:35]} 78. Rh7 {[%clk 0:00:23]} Rg4
{[%clk 0:01:43]} 79. Kd3 {[%clk 0:00:32]} h4 {[%clk 0:01:51]} 80. Ke3
{[%clk 0:00:13]} g5 {[%clk 0:01:49]} 81. Bc3 {[%clk 0:00:12]} Rg3+
{[%clk 0:01:54]} 82. Kf2 {[%clk 0:00:21]} Rg4 {[%clk 0:01:52]} 83. Kf3
{[%clk 0:00:14]} Rg3+ {[%clk 0:01:59]} 84. Kf2 {[%clk 0:00:24]} Rg4
{[%clk 0:02:06]} 85. Ke3 {[%clk 0:00:13]} Rg3+ {[%clk 0:02:15]} 86. Ke2
{[%clk 0:00:22]} Rg4 {[%clk 0:02:23]} 87. Kd3 {[%clk 0:00:29]} Rg3+
{[%clk 0:02:26]} 88. Kc4 {[%clk 0:00:34]} Re3 {[%clk 0:02:35]} 89. Kd5
{[%clk 0:00:36]} Rd3+ {[%clk 0:02:44]} 90. Kc4 {[%clk 0:00:34]} Re3
{[%clk 0:02:52]} 91. Rh6+ {[%clk 0:00:30]} Kg7 {[%clk 0:02:57]} 92. Ra6
{[%clk 0:00:39]} Rxc3+ {[%clk 0:02:48]} 93. Kxc3 {[%clk 0:00:36]} h3
{[%clk 0:02:57]} 94. Ra7+ {[%clk 0:00:35]} Kg6 {[%clk 0:03:05]} 95. Ra8
{[%clk 0:00:43]} g4 {[%clk 0:01:57]} 96. Rg8+ {[%clk 0:00:50]} Kh5
{[%clk 0:02:06]} 97. Rh8+ {[%clk 0:00:28]} Kg5 {[%clk 0:02:15]} 98. Kc4
{[%clk 0:00:28]} Kf4 {[%clk 0:02:18]} 99. Kd5 {[%clk 0:00:37]} Kg3
{[%clk 0:02:15]} 100. Kxe5 {[%clk 0:00:42]} Kh2 {[%clk 0:02:24]} 101. Kf4
{[%clk 0:00:40]} g3 {[%clk 0:02:32]} 102. Kg4 {[%clk 0:00:49]} 1-0

[Event "Russian Championship (Rapid, Men)"]
[Site "Sochi"]
[Date "2018.10.05"]
[Round "5.15"]
[White "Lysyj, Igor"]
[Black "Dzhumagaliev, Yan"]
[Result "1-0"]
[BlackElo "2454"]
[WhiteElo "2644"]
[LiveChessVersion "1.4.8"]

1. d4 {[%clk 0:15:19]} Nf6 {[%clk 0:15:19]} 2. c4 {[%clk 0:15:27]} e6
{[%clk 0:15:29]} 3. Nf3 {[%clk 0:15:35]} d5 {[%clk 0:15:37]} 4. g3
{[%clk 0:15:44]} Be7 {[%clk 0:15:45]} 5. Bg2 {[%clk 0:15:50]} O-O
{[%clk 0:15:53]} 6. b3 {[%clk 0:15:58]} dxc4 {[%clk 0:15:55]} 7. bxc4
{[%clk 0:16:07]} c5 {[%clk 0:16:01]} 8. O-O {[%clk 0:16:15]} cxd4
{[%clk 0:16:03]} 9. Nxd4 {[%clk 0:16:23]} Qb6 {[%clk 0:16:10]} 10. Ba3
{[%clk 0:16:31]} Bc5 {[%clk 0:11:21]} 11. Bxc5 {[%clk 0:13:57]} Qxc5
{[%clk 0:11:30]} 12. Qd3 {[%clk 0:13:53]} Na6 {[%clk 0:11:25]} 13. Nd2
{[%clk 0:13:45]} Rd8 {[%clk 0:09:54]} 14. N2b3 {[%clk 0:13:53]} Qe7
{[%clk 0:08:43]} 15. Qe3 {[%clk 0:13:21]} e5 {[%clk 0:07:35]} 16. Nb5
{[%clk 0:12:45]} Ng4 {[%clk 0:07:09]} 17. Qc3 {[%clk 0:10:49]} Be6
{[%clk 0:04:47]} 18. h3 {[%clk 0:10:38]} Nf6 {[%clk 0:04:56]} 19. Qxe5
{[%clk 0:10:39]} Qd7 {[%clk 0:05:05]} 20. Rfd1 {[%clk 0:09:55]} Qxd1+
{[%clk 0:05:09]} 21. Rxd1 {[%clk 0:10:03]} Rxd1+ {[%clk 0:05:18]} 22. Kh2
{[%clk 0:10:12]} Bxc4 {[%clk 0:04:32]} 23. Nc3 {[%clk 0:06:56]} Rd7
{[%clk 0:04:03]} 24. Na5 {[%clk 0:07:05]} Re8 {[%clk 0:03:57]} 25. Qf4
{[%clk 0:07:14]} Be6 {[%clk 0:02:25]} 26. Bxb7 {[%clk 0:05:25]} Nb8
{[%clk 0:02:35]} 27. e4 {[%clk 0:02:59]} h6 {[%clk 0:02:16]} 28. Nb5
{[%clk 0:01:47]} Red8 {[%clk 0:01:29]} 29. Nxa7 {[%clk 0:00:34]} Rd2
{[%clk 0:00:54]} 30. N7c6 {[%clk 0:00:23]} Nxc6 {[%clk 0:01:02]} 31. Nxc6
{[%clk 0:00:32]} R8d7 {[%clk 0:00:55]} 32. Ne5 {[%clk 0:00:32]} Rd8
{[%clk 0:00:38]} 33. Bd5 {[%clk 0:00:40]} Rc2 {[%clk 0:00:25]} 34. Nc6
{[%clk 0:00:37]} Re8 {[%clk 0:00:26]} 35. Nd4 {[%clk 0:00:39]} Nxd5
{[%clk 0:00:12]} 36. exd5 {[%clk 0:00:44]} g5 {[%clk 0:00:21]} 37. Qf6
{[%clk 0:00:30]} 1-0

[Event "Russian Championship (Rapid, Men)"]
[Site "Sochi"]
[Date "2018.10.05"]
[Round "5.17"]
[White "Paravyan, David"]
[Black "Lobanov, Sergei"]
[Result "1-0"]
[BlackElo "2415"]
[WhiteElo "2630"]
[LiveChessVersion "1.4.8"]

1. d4 {[%clk 0:15:19]} d5 {[%clk 0:15:16]} 2. c4 {[%clk 0:15:27]} c6
{[%clk 0:15:25]} 3. Nf3 {[%clk 0:15:35]} Nf6 {[%clk 0:15:34]} 4. e3
{[%clk 0:15:44]} Bf5 {[%clk 0:15:39]} 5. Nc3 {[%clk 0:15:52]} e6 {[%clk 0:15:47]}
6. Nh4 {[%clk 0:16:01]} Be4 {[%clk 0:15:53]} 7. f3 {[%clk 0:16:10]} Bg6
{[%clk 0:16:02]} 8. Qb3 {[%clk 0:16:17]} Qb6 {[%clk 0:15:51]} 9. Nxg6
{[%clk 0:16:09]} hxg6 {[%clk 0:15:58]} 10. Bd2 {[%clk 0:16:04]} Nbd7
{[%clk 0:16:06]} 11. O-O-O {[%clk 0:15:22]} Be7 {[%clk 0:15:36]} 12. Be2
{[%clk 0:15:24]} O-O {[%clk 0:10:42]} 13. Kb1 {[%clk 0:13:58]} c5
{[%clk 0:09:20]} 14. Na4 {[%clk 0:13:00]} Qxb3 {[%clk 0:07:03]} 15. axb3
{[%clk 0:13:08]} cxd4 {[%clk 0:07:12]} 16. exd4 {[%clk 0:13:17]} b6
{[%clk 0:07:21]} 17. Rc1 {[%clk 0:12:59]} Rfc8 {[%clk 0:06:14]} 18. c5
{[%clk 0:12:45]} bxc5 {[%clk 0:02:13]} 19. Ba6 {[%clk 0:12:53]} Rcb8
{[%clk 0:01:48]} 20. dxc5 {[%clk 0:13:02]} Rxb3 {[%clk 0:01:57]} 21. c6
{[%clk 0:13:04]} Nb6 {[%clk 0:01:53]} 22. Ka2 {[%clk 0:13:06]} 1-0

[Event "Russian Championship (Rapid, Men)"]
[Site "Sochi"]
[Date "2018.10.05"]
[Round "5.18"]
[White "Demchenko, Anton"]
[Black "Sharafiev, Azat"]
[Result "1-0"]
[BlackElo "2402"]
[WhiteElo "2620"]
[LiveChessVersion "1.4.8"]

1. e4 {[%clk 0:15:18]} c5 {[%clk 0:15:18]} 2. Nf3 {[%clk 0:15:11]} e6
{[%clk 0:15:26]} 3. g3 {[%clk 0:15:18]} d5 {[%clk 0:14:51]} 4. exd5
{[%clk 0:15:26]} exd5 {[%clk 0:15:00]} 5. d4 {[%clk 0:15:31]} Nc6
{[%clk 0:15:09]} 6. Bg2 {[%clk 0:15:38]} Bg4 {[%clk 0:14:14]} 7. O-O
{[%clk 0:15:37]} cxd4 {[%clk 0:14:03]} 8. h3 {[%clk 0:14:41]} Bxf3
{[%clk 0:14:01]} 9. Qxf3 {[%clk 0:14:20]} Nf6 {[%clk 0:14:08]} 10. Bg5
{[%clk 0:14:14]} Be7 {[%clk 0:13:51]} 11. Bxf6 {[%clk 0:14:08]} Bxf6
{[%clk 0:13:58]} 12. Re1+ {[%clk 0:13:57]} Ne7 {[%clk 0:11:06]} 13. Qxd5
{[%clk 0:13:29]} Qxd5 {[%clk 0:11:15]} 14. Bxd5 {[%clk 0:13:38]} O-O
{[%clk 0:11:23]} 15. Be4 {[%clk 0:09:49]} Nc6 {[%clk 0:09:47]} 16. Bxc6
{[%clk 0:08:37]} bxc6 {[%clk 0:09:55]} 17. Nd2 {[%clk 0:08:46]} Rab8
{[%clk 0:08:39]} 18. Rab1 {[%clk 0:08:55]} d3 {[%clk 0:07:04]} 19. c3
{[%clk 0:06:40]} Rb5 {[%clk 0:05:52]} 20. Nc4 {[%clk 0:06:30]} Rfb8
{[%clk 0:04:31]} 21. Rbd1 {[%clk 0:06:14]} Rc5 {[%clk 0:04:25]} 22. Re4
{[%clk 0:06:11]} Rd5 {[%clk 0:04:11]} 23. Ne3 {[%clk 0:04:21]} Rd7
{[%clk 0:03:34]} 24. Ng4 {[%clk 0:03:58]} d2 {[%clk 0:00:29]} 25. Re2
{[%clk 0:03:29]} Rbd8 {[%clk 0:00:24]} 26. Ne3 {[%clk 0:03:16]} Bg5
{[%clk 0:00:20]} 27. Nc4 {[%clk 0:03:02]} Rd5 {[%clk 0:00:16]} 28. f4
{[%clk 0:02:56]} Rc5 {[%clk 0:00:19]} 29. Rdxd2 {[%clk 0:02:50]} Kf8
{[%clk 0:00:12]} 30. fxg5 {[%clk 0:02:36]} 1-0

[Event "Russian Championship (Rapid, Men)"]
[Site "Sochi"]
[Date "2018.10.05"]
[Round "5.19"]
[White "Sychev, Klementy"]
[Black "Ivlev, Aleksey"]
[Result "1-0"]
[BlackElo "2387"]
[WhiteElo "2578"]
[LiveChessVersion "1.4.8"]

1. e4 {[%clk 0:15:19]} e5 {[%clk 0:15:19]} 2. Nf3 {[%clk 0:15:27]} Nc6
{[%clk 0:15:28]} 3. Bb5 {[%clk 0:15:30]} a6 {[%clk 0:15:36]} 4. Ba4
{[%clk 0:15:39]} Nf6 {[%clk 0:15:45]} 5. O-O {[%clk 0:15:47]} b5 {[%clk 0:15:54]}
6. Bb3 {[%clk 0:15:55]} Be7 {[%clk 0:16:03]} 7. a4 {[%clk 0:16:00]} b4
{[%clk 0:16:11]} 8. d3 {[%clk 0:16:09]} O-O {[%clk 0:16:18]} 9. Nbd2
{[%clk 0:16:09]} d6 {[%clk 0:16:25]} 10. a5 {[%clk 0:16:17]} Be6 {[%clk 0:15:59]}
11. Nc4 {[%clk 0:16:25]} h6 {[%clk 0:16:06]} 12. h3 {[%clk 0:16:34]} Nd7
{[%clk 0:15:45]} 13. Be3 {[%clk 0:16:42]} Kh8 {[%clk 0:15:09]} 14. c3
{[%clk 0:15:12]} bxc3 {[%clk 0:15:02]} 15. bxc3 {[%clk 0:15:20]} Bf6
{[%clk 0:13:53]} 16. d4 {[%clk 0:12:09]} exd4 {[%clk 0:13:07]} 17. cxd4
{[%clk 0:12:15]} d5 {[%clk 0:13:07]} 18. Ncd2 {[%clk 0:10:44]} Nb4
{[%clk 0:11:03]} 19. exd5 {[%clk 0:07:29]} Nxd5 {[%clk 0:11:00]} 20. Rc1
{[%clk 0:06:14]} Re8 {[%clk 0:09:24]} 21. Nc4 {[%clk 0:05:02]} Rb8
{[%clk 0:08:42]} 22. Ba4 {[%clk 0:04:59]} Re7 {[%clk 0:07:30]} 23. Re1
{[%clk 0:04:01]} Rb4 {[%clk 0:06:37]} 24. Bd2 {[%clk 0:03:50]} Rxc4
{[%clk 0:04:58]} 25. Rxc4 {[%clk 0:03:58]} Ne3 {[%clk 0:05:07]} 26. fxe3
{[%clk 0:03:41]} Bxc4 {[%clk 0:05:16]} 27. Qc2 {[%clk 0:03:50]} Bd5
{[%clk 0:04:40]} 28. e4 {[%clk 0:02:42]} Ba8 {[%clk 0:04:49]} 29. Bc6
{[%clk 0:01:44]} Bxc6 30. Qxc6 {[%clk 0:01:52]} Re6 {[%clk 0:04:09]} 31. Qc4
{[%clk 0:01:56]} Bh4 {[%clk 0:02:40]} 32. Nxh4 {[%clk 0:00:30]} Qxh4
{[%clk 0:02:47]} 33. Qxc7 {[%clk 0:00:38]} Nf6 {[%clk 0:02:19]} 34. Qxf7
{[%clk 0:00:26]} Rxe4 {[%clk 0:02:22]} 35. Rf1 {[%clk 0:00:33]} Rxd4
{[%clk 0:00:40]} 36. Bc3 {[%clk 0:00:35]} Rf4 {[%clk 0:00:36]} 37. Bxf6
{[%clk 0:00:14]} Rxf1+ {[%clk 0:00:27]} 38. Kxf1 {[%clk 0:00:23]} gxf6
{[%clk 0:00:36]} 39. Qe8+ {[%clk 0:00:24]} Kg7 {[%clk 0:00:40]} 40. Qd7+
{[%clk 0:00:32]} Kg6 {[%clk 0:00:33]} 41. Qd3+ {[%clk 0:00:40]} Kg7
{[%clk 0:00:39]} 42. Qd7+ {[%clk 0:00:23]} Kg6 {[%clk 0:00:44]} 43. Qd3+
{[%clk 0:00:31]} Kg7 {[%clk 0:00:54]} 44. Qxa6 {[%clk 0:00:22]} Qf4+
{[%clk 0:01:03]} 45. Ke1 {[%clk 0:00:22]} Qe4+ {[%clk 0:01:05]} 46. Qe2
{[%clk 0:00:22]} Qh4+ {[%clk 0:00:44]} 47. Kf1 {[%clk 0:00:17]} Qf4+
{[%clk 0:00:52]} 48. Qf2 {[%clk 0:00:18]} Qe5 {[%clk 0:00:20]} 49. Qe1
{[%clk 0:00:19]} Qb5+ {[%clk 0:00:18]} 50. Kg1 {[%clk 0:00:27]} Qc5+
{[%clk 0:00:26]} 51. Kh2 {[%clk 0:00:34]} Qc7+ {[%clk 0:00:34]} 52. Qg3+
{[%clk 0:00:42]} Qb7 1-0

[Event "Russian Championship (Rapid, Men)"]
[Site "Sochi"]
[Date "2018.10.05"]
[Round "5.20"]
[White "Moiseenko, Vadim"]
[Black "Kozak, Alexander"]
[Result "1-0"]
[BlackElo "2383"]
[WhiteElo "2577"]
[LiveChessVersion "1.4.8"]

1. g3 {[%clk 0:15:19]} e5 {[%clk 0:15:19]} 2. c4 {[%clk 0:15:28]} f5
{[%clk 0:15:28]} 3. Bg2 {[%clk 0:15:35]} Nf6 {[%clk 0:15:37]} 4. Nc3 c5 5. e3
{[%clk 0:15:39]} Nc6 {[%clk 0:15:55]} 6. Nge2 {[%clk 0:15:46]} g6
{[%clk 0:16:02]} 7. d4 {[%clk 0:15:28]} e4 {[%clk 0:15:48]} 8. dxc5
{[%clk 0:15:28]} Bxc5 {[%clk 0:15:56]} 9. O-O {[%clk 0:15:11]} d6
{[%clk 0:15:54]} 10. b3 {[%clk 0:15:00]} O-O {[%clk 0:16:00]} 11. Bb2
{[%clk 0:15:00]} Be6 {[%clk 0:16:08]} 12. Nf4 {[%clk 0:14:53]} Bf7
{[%clk 0:16:17]} 13. Ncd5 {[%clk 0:14:57]} Ne5 {[%clk 0:16:03]} 14. b4
{[%clk 0:14:02]} Bb6 {[%clk 0:16:03]} 15. c5 {[%clk 0:14:06]} dxc5
{[%clk 0:15:19]} 16. Nxb6 {[%clk 0:13:56]} Qxb6 {[%clk 0:15:27]} 17. Bxe5
{[%clk 0:14:04]} cxb4 {[%clk 0:15:03]} 18. Qd6 {[%clk 0:13:47]} Qxd6
{[%clk 0:14:54]} 19. Bxd6 {[%clk 0:13:56]} Rfc8 {[%clk 0:15:03]} 20. Bxb4
{[%clk 0:14:03]} Rc2 {[%clk 0:15:12]} 21. a3 {[%clk 0:13:54]} g5 {[%clk 0:15:19]}
22. Nh3 {[%clk 0:14:00]} h6 {[%clk 0:15:21]} 23. f3 {[%clk 0:12:12]} a5
{[%clk 0:15:07]} 24. Bd6 {[%clk 0:12:02]} exf3 {[%clk 0:15:02]} 25. Bxf3
{[%clk 0:08:06]} g4 {[%clk 0:15:03]} 26. Bxb7 {[%clk 0:07:38]} Ra7
{[%clk 0:14:55]} 27. Bg2 {[%clk 0:07:47]} gxh3 {[%clk 0:14:59]} 28. Bxh3
{[%clk 0:07:56]} Rd7 {[%clk 0:14:53]} 29. Bxf5 {[%clk 0:07:56]} Rxd6
{[%clk 0:14:39]} 30. Bxc2 {[%clk 0:08:05]} Kg7 {[%clk 0:14:48]} 31. Bf5
{[%clk 0:07:10]} Bb3 {[%clk 0:14:53]} 32. a4 {[%clk 0:06:59]} Nd5
{[%clk 0:15:00]} 33. Rfb1 {[%clk 0:06:49]} Bc4 {[%clk 0:14:58]} 34. Rd1
{[%clk 0:06:47]} Kf6 {[%clk 0:15:04]} 35. e4 {[%clk 0:06:55]} Bb3
{[%clk 0:15:12]} 36. Rd3 {[%clk 0:06:58]} Bc2 37. Rd2 {[%clk 0:07:00]} 1-0